| 000 | 00461nam a22001697a 4500 | ||
|---|---|---|---|
| 008 | 150617b xxu||||| |||| 00| 0 eng d | ||
| 020 | _a9781412910125 | ||
| 041 | 0 | _aeng | |
| 080 | _a658 | ||
| 100 | 1 | _aDown, Simon, | |
| 245 | 1 | 0 |
_aEnterprise, entrepreneurship and small business / _cSimon Down. |
| 260 |
_aLos Angeles : _bSAGE, _c2010. |
||
| 300 |
_a234 f. : _bme il.; _c24 cm. |
||
| 650 | 0 | _aNdërmarrësi | |
| 650 | 0 | _aNdërmarrjet e vogla | |
| 942 |
_2udc _cBK |
||
| 999 |
_c1058 _d1058 |
||